| 000 | 00856nam a22001577a 4500 | ||
|---|---|---|---|
| 003 | OSt | ||
| 005 | 20151130103604.0 | ||
| 008 | 151130b xxu||||| |||| 00| 0 eng d | ||
| 040 | _cRUA | ||
| 082 | _aFIS CHR 1997 B166 Or.1 | ||
| 100 |
_94013 _aCHREN VOIN |
||
| 245 | _aA comparison and analysis of the dependency of costal villages and on fishing as opposed to forest products from the bokor national park, ការប្រៀបធៀប និងវិភាគរវាងការប្រើប្រាស់ផលិតផលនេសាទក្នុងតំបន់ឆ្នេរ និងផលិតផលពីឧទ្យានជាតិបូកគោ ដោយសហគមន៍មូលដ្ឋានតាមតំបន់ឆ្នេរ. | ||
| 260 |
_aPhnom Penh _bRUA _c1997 |
||
| 300 |
_a76p. _bill. _c29cm. |
||
| 942 |
_2ddc _cFIS |
||
| 999 |
_c3734 _d3734 |
||